| 000 | 00766nam a22002295i 4500 | ||
|---|---|---|---|
| 001 | 13630 | ||
| 003 | ES-MaACL | ||
| 005 | 20250830111410.0 | ||
| 007 | t| | ||
| 008 | 950315s1990 sp ||||0| spa j | ||
| 040 |
_aM-BN _bspa _cM-BN |
||
| 080 | _a282:304 | ||
| 080 | _a331.105.44(460.12):282 | ||
| 100 | 1 |
_aSolís, Jesús-Andrés. _9107213 |
|
| 245 | 1 | 3 |
_aLa doctrina social de la Iglesia y su repercusión en Asturias / _cJesús Andrés Solís. |
| 260 |
_aMadrid : _bJ.A. Solís, _c1990. |
||
| 300 |
_a102 p. ; _c17 cm. |
||
| 610 | 2 | 4 |
_aIglesia Católica- _xDoctrina social _94642 |
| 650 | 1 | 4 |
_aSindicatos católicos- _zAsturias (Comunidad Autónoma) _917126 |
| 852 |
_aES-MaACL _jL-21002 _bR.120736 _q. - Ded. autógr. del autor |
||
| 999 |
_c13630 _d13630 |
||